Daredevil Episode Titles - Statistics

General Stats
  • This quiz has been taken 219 times
  • The average score is 14 of 39
Answer Stats
Season Episode Title % Correct
13 Daredevil
80%
13 A New Napkin
69%
10 Karen
60%
4 Penny and Dime
58%
7 Stick
58%
3 Rabbit in a Snowstorm
51%
Season 2 1 Bang
49%
Season 1 1 Into the Ring
49%
2 Cut Man
47%
13 A Cold Day in Hell's Kitchen
44%
5 World on Fire
44%
10 Nelson v. Murdock
42%
9 Seven Minutes in Heaven
40%
5 Kinbaku
38%
Season 3 1 Resurrection
36%
6 The Devil You Know
36%
4 Blindsided
33%
3 New York's Finest
33%
8 Upstairs/Downstairs
33%
8 Shadows in the Glass
31%
6 Condemned
29%
12 One Last Shot
29%
2 Please
29%
10 The Man in the Box
29%
11 .380
27%
7 Aftermath
27%
Season 2 8 Guilty as Sin
27%
11 Reunion
27%
9 Revelations
27%
7 Semper Fidelis
27%
9 Speak of the Devil
27%
12 The Dark at the End of the Tunnel
27%
11 The Path of the Righteous
27%
2 Dogs to a Gunfight
24%
4 In the Blood
24%
12 The Ones We Leave Behind
24%
3 No Good Deed
22%
6 Regrets Only
22%
5 The Perfect Game
22%
No matching quizzes found
Score Distribution
Percent of People with Each Score
Percentile by Number Answered
Your Score History
You have not taken this quiz